000 00409nam a2200169Ia 4500
001 17607
003 IN-NITTTR
005 20251114233206.0
008 251113s9999||||xx |||||||||||||| ||eng||
040 _beng
040 _cIN-NITTTR
041 _aeng
082 _a004.16 W139M
100 _aWakerly, John F.
245 0 _aMicrocomputer architecture and programming /
_cWakerly, John F.
942 _2ddc
_cBK
999 _c20241
_d20241